Three elegies upon the much lamented loss of our late most gracious Queen Mary /

Bibliographic Details
Main Author: Blow, John, -1708
Other Authors: Herbert, George, 1593-1633, Purcell, Henry, 1659-1695
Format: Microform Musical Score Book
Language:English
Latin
Series:Early English books, 1641-1700 ; 1398:6.
Subjects:

MARC

Tag First Indicator Second Indicator Subfields
LEADER 00000ccm a2200000 a 4500
001 in00000891795
005 20150923140953.0
007 hd afv---baca
007 hz bfv---baaa
008 840406s1695 miusgau a n 1 eng d
010 |a  66097506  
035 |a (OCoLC)10604005 
035 |9 AEL4764AM 
037 |a CL0037000048  |b University Microfilms International 
037 |b University Microfilms International, 300 N. Zeeb Rd., Ann Arbor, MI 48106 
040 |a UMI  |c UMI  |d m/c  |d UtOrBLW 
041 0 |a eng  |a lat 
045 |b d1662  |b d1694 
049 |a TXAI 
090 |a M1490.B56  |b E53 
099 |a film  |a B  |a 3609 
100 1 |a Blow, John,  |d -1708. 
240 1 0 |a Queen's epicedium 
245 1 0 |a Three elegies upon the much lamented loss of our late most gracious Queen Mary /  |c the words of the two first by Mr. Herbert, the latter out of the Oxford verse ; and sett to musick by Dr. Blow and Mr. Henry Purcell. 
264 3 |a London :  |b Printed by J. Hepinstall for Henry Playford,  |c 1695. 
300 |a 18 pages 
336 |a notated music  |b ntm  |2 rdacontent 
337 |a microform  |b h  |2 rdamedia 
338 |a microfilm reel  |b hd  |2 rdacarrier 
505 0 |a Contents: The Queen's epicideum -- Latine redditum -- O dive custos auriacæ domus (from first line of text) 
500 |a Reproduction of original in the Harvard University Library. 
510 4 |a Wing  |c B3356A. 
533 |a Microfilm.  |b Ann Arbor, Mich. :  |c University Microfilms International,  |d 1982.  |e 1 microfilm reel ; 35 mm.  |f (Early English books, 1641-1700 ; 1398:6) 
500 |a Microform. 
600 0 0 |a Mary  |b II,  |c Queen of England,  |d 1662-1694  |v Songs and music. 
700 1 2 |a Herbert, George,  |d 1593-1633.  |t Queen's epicidium. 
700 1 2 |a Purcell, Henry,  |d 1659-1695.  |t Latine redditum. 
830 0 |a Early English books, 1641-1700 ;  |v 1398:6. 
999 |a MARS 
999 f f |s 6b9e5a7c-5420-3df4-8a94-eb88a3d8b599  |i 410dd947-5329-3126-85ec-cc235470b520  |t 0 
952 f f |p default  |a Texas A&M University  |b College Station  |c Sterling C. Evans Library  |d Evans: Microforms (3rd floor)  |t 0  |e film B 3609 1398:6  |h Other scheme  |i microform -- microfilm reel 
998 f f |a film B 3609 1398:6  |t 0  |l Evans: Microforms (3rd floor)